Quarterly national accounts number 3

Na minha lista:
Detalhes bibliográficos
Formato: Livro
Idioma:inglês
Publicado em: Paris OECD 1998
Assuntos:
Tags: Adicionar Tag
Sem tags, seja o primeiro a adicionar uma tag!

MARC

LEADER 00000nam a2200000 4500
001 c120008
005 20240104114725.7
020 |a 92-64-05714-5 
022 |a 0304-3738 
041 0 |a eng 
044 |a FR 
245 1 0 |a Quarterly national accounts  |b number 3 
264 1 |a Paris  |b OECD  |c 1998 
300 |a 271 s. 
610 2 0 |a účty národné 
610 2 0 |a ukazovatele štatistické 
610 2 0 |a OECD